Subirats : conèixer el seu atractiu, viure'l i gaudir-lo / conèixer el seu atractiu, viure'l i gaudir-lo /
ISBN:
9788496995031
Descripción Física:
159 pàgines : il·lustracions ; 24 cm
Materias:
Subirats (Catalunya) -- Història.
; Subirats (Catalunya) -- Guies
; Subirats (Catalunya) -- Història
; Subirats (Catalunya) -- Biografia
Idioma:
Catalán
MARC
| LEADER | 00000nam a2200000 a 4500 | ||
|---|---|---|---|
| 001 | 26364 | ||
| 005 | 20260324181137.0 | ||
| 008 | 081120s2008 spc|||| |||| 0|0 0 cat | ||
| 017 | |a DL B. 19328-2008 |b Biblioteca de Catalunya | ||
| 020 | |a 9788496995031 | ||
| 043 | |a e-sp--- |b e-spcpa |2 catmarc | ||
| 080 | |a Bib-854 | ||
| 100 | |a Querol i Rovira, Carles |9 22423 | ||
| 245 | 1 | 0 | |a Subirats : |b conèixer el seu atractiu, viure'l i gaudir-lo / |c Carles Querol i Rovira |
| 260 | |a Subirats : |b Ajuntament de Subirats, |c 2008 | ||
| 300 | |a 159 pàgines : |b il·lustracions ; |c 24 cm | ||
| 504 | |a Bibliografia | ||
| 651 | 7 | |a Subirats (Catalunya) |x Història. |2 lemac |9 54055 | |
| 651 | 0 | |a Subirats (Catalunya) |9 54054 |v Guies | |
| 651 | 0 | |a Subirats (Catalunya) |x Història |9 54055 | |
| 651 | 0 | |a Subirats (Catalunya) |2 lemac |9 54056 |v Biografia | |
| 710 | 1 | |a Subirats (Catalunya). |b Ajuntament |9 54057 | |
| 908 | |a BC |a GCVPDT |a UdG | ||
| 940 | |a BC | ||
| 942 | |2 udc |c ARXIU |n 1 | ||
| 952 | |0 0 |1 0 |4 0 |6 BIB854 |7 1 |9 63251 |a Arxiu |b Arxiu |d 2022-07-28 |l 0 |o Bib-854 |p 26364 |r 2022-07-28 00:00:00 |w 2022-07-28 |y ARXIU | ||
| 999 | |c 82503 |d 82503 | ||